Á lódáil...
Abridged dewey decimal classification and relative index
| Príomhúdar: | |
|---|---|
| Formáid: | Printed Book |
| Teanga: | Undetermined English |
| Foilsithe: |
U S A
Forest Press
1979
|
| Ábhair: |
| LEADER | 00587nam a2200181Ia 4500 | ||
|---|---|---|---|
| 008 | 140306s9999 xx 000 0 und d | ||
| 020 | |a 0910608229 | ||
| 041 | |a eng | ||
| 082 | |a 020 |b DEW | ||
| 100 | |a Dewey, Melvil | ||
| 245 | |a Abridged dewey decimal classification and relative index | ||
| 260 | |a U S A |b Forest Press |c 1979 | ||
| 300 | |a 618 | ||
| 650 | |a Classification- DDC-Abridged | ||
| 650 | |a DDC-Abridged | ||
| 942 | |2 ddc |c BK | ||
| 999 | |c 65723 |d 65723 | ||
| 952 | |0 0 |1 0 |2 ddc |4 0 |6 020_000000000000000_DEW |7 0 |9 72059 |a KAUACV |b KAUACV |d 2004-05-25 |o 020 DEW |p KAU_ACV-21635 |r 2014-03-22 |w 2014-03-22 |y BK | ||